|
|
|
|
| LEADER |
00669cam a2200181 7i4500 |
| 001 |
0000047263 |
| 005 |
20180309090000.0 |
| 020 |
|
|
|a 1856490440 (pbk.)
|
| 090 |
0 |
0 |
|a HD75
|b .D46 1992
|
| 245 |
0 |
4 |
|a The development dictionary :
|b a guide to knowledge as power
|c edited by Wolfgang Sachs.
|
| 260 |
|
|
|a London:
|b Zed Book Ltd.,
|c 1992.
|
| 300 |
|
|
|a 306 p.;
|c 22 cm.
|
| 500 |
|
|
|a Gift: Zainol Ahmad Resource Center
|
| 650 |
0 |
0 |
|a Economic development
|
| 700 |
1 |
|
|a Sachs, Wolfgang
|
| 999 |
|
|
|a 0000062302
|b BOK
|c REFERENCE
|e Ground Floor, Bestari Jaya
|
| 999 |
|
|
|a 0000062303
|b BOK
|c REFERENCE
|e Ground Floor, Bestari Jaya
|
| 999 |
|
|
|a 0000066878
|b BOK
|c REFERENCE
|e Ground Floor, Bestari Jaya
|